Native modernity : (Record no. 90571)

MARC details
000 -LEADER
fixed length control field 00619nam a22002057a 4500
005 - DATE AND TIME OF LATEST TRANSACTION
control field 20150107125910.0
010 ## - LCCN (DPL NO)
LC control number ENG-111511
020 ## - INTERNATIONAL STANDARD BOOK NUMBER
International Standard Book Number 9788174878816
Terms of availability 850.00
035 ## - SYSTEM CONTROL NUMBER
System control number EN-95043
037 ## - SOURCE OF ACQUISITION
Source of stock number/acquisition DBAD/PUB
082 ## - DEWEY DECIMAL CLASSIFICATION NUMBER
Classification number 891.46
245 ## - TITLE STATEMENT
Title Native modernity :
Statement of responsibility, etc edited by J.P.Singh
Remainder of title Indian English fiction /
260 ## - PUBLICATION, DISTRIBUTION, ETC. (IMPRINT)
Place of publication, distribution, etc New Delhi
Name of publisher, distributor, etc Radha Publications
Date of publication, distribution, etc 2014
270 ## - ADDRESS
Address 4231/1,Ansari Road,Daryaganj
City New Delhi
Postal code 110002
300 ## - PHYSICAL DESCRIPTION
Extent x,286p.
Dimensions 22cm(Hb)
500 ## - GENERAL NOTE
General note Includes bibliographical references
600 ## - SUBJECT ADDED ENTRY--PERSONAL NAME
Personal name Singh,J.P.
700 ## - ADDED ENTRY--PERSONAL NAME
Personal name Singh,J.P.
942 ## - ADDED ENTRY ELEMENTS (KOHA)
Source of classification or shelving scheme Dewey Decimal Classification
Item type English Books
Call number suffix NAT
Classification part 891.46
Holdings
Withdrawn status Lost status Not for loan Collection code Home library Current library Date acquired Source of acquisition Cost, normal purchase price Full call number Barcode Copy number Cost, replacement price Koha item type
    Not For Loan Fiction D.B.Act.Division D.B.Act.Division 06/01/2015 DBAD / PUB 850.00 891.46 NAT EN-95043 1 850.00 English Books

© Delhi Public Library
Hit Counter
free hit counter